Accounting as social and institutional practice
Αποθηκεύτηκε σε:
| Άλλοι συγγραφείς: | , |
|---|---|
| Μορφή: | Βιβλίο |
| Γλώσσα: | English |
| Δημοσίευση: |
Cambridge :
Cambridge University Press,
1994.
|
| Σειρά: | (Cambridge Studies in management ;
24) |
| Θέματα: | |
| Ετικέτες: |
Προσθήκη ετικέτας
Δεν υπάρχουν, Καταχωρήστε ετικέτα πρώτοι!
|
MARC
| LEADER | 00000cam a2200000 a 4500 | ||
|---|---|---|---|
| 001 | 1/111518 | ||
| 008 | 160825s1994####enk|||||||||||||| ||eng|| | ||
| 020 | |a 0521469651 | ||
| 040 | |a GR-MyUa |b gre |c GR-MyUa |e AACR2 | ||
| 041 | 0 | |a eng | |
| 082 | 7 | |2 (23) | |
| 245 | 0 | 0 | |a Accounting as social and institutional practice / |c edited by Anthony Hopwood G, Peter Miller. |
| 260 | |a Cambridge : |b Cambridge University Press, |c 1994. | ||
| 300 | |a xi, 324 σ. ; |c 24 εκ. | ||
| 490 | 0 | |a (Cambridge Studies in management ; |v 24) | |
| 504 | |a Περιέχει βιβλιογραφία και ευρετήριο. | ||
| 650 | 0 | |a Accounting |x Social aspects. | |
| 650 | 0 | |a Managerial accounting. | |
| 700 | 1 | |a Miller, Peter, |d 1954- |e edt | |
| 700 | 1 | |a Hopwood, Anthony G. |e edt | |
| 852 | |a INST |b LESVOS |e 20160825 |h 657 ACC |p 005100058442 |q 005100058442 |t BK |y 0 | ||
| 922 | |a 1ΕΛΗ |b 2016-06 |c Τμήμα Κοινωνιολογίας |d Δρες | ||
| 970 | |a Καμάτσου |b Δέσποινα |z 25-08-2016 | ||